Republic / (Record no. 342486)

000 -LEADER
fixed length control field 01133cam a2200301 a 4500
001 - CONTROL NUMBER
control field 15779562
003 - CONTROL NUMBER IDENTIFIER
control field NUST
005 - DATE AND TIME OF LATEST TRANSACTION
control field 20171228104913.0
008 - FIXED-LENGTH DATA ELEMENTS--GENERAL INFORMATION
fixed length control field 090617s2008 enk b 001 0 eng
010 ## - LIBRARY OF CONGRESS CONTROL NUMBER
LC control number 2009294573
020 ## - INTERNATIONAL STANDARD BOOK NUMBER
International Standard Book Number 9780199535767 (pbk.)
040 ## - CATALOGING SOURCE
Original cataloging agency DLC
Transcribing agency DLC
Modifying agency DLC
041 1# - LANGUAGE CODE
Language code of text/sound track or separate title eng
Language code of original grc
050 00 - LIBRARY OF CONGRESS CALL NUMBER
Classification number JC71
Item number .P35 2008
082 ## - DEWEY DECIMAL CLASSIFICATION NUMBER
Classification number 888
Author Mark PLA
100 0# - MAIN ENTRY--PERSONAL NAME
Personal name Plato.
9 (RLIN) 7766
240 10 - UNIFORM TITLE
Uniform title Republic.
Language of a work English
245 10 - TITLE STATEMENT
Title Republic /
Statement of responsibility, etc. Plato ; translated by Robin Waterfield.
250 ## - EDITION STATEMENT
Edition statement Oxford world's classics pbk. reissued
260 ## - PUBLICATION, DISTRIBUTION, ETC.
Place of publication, distribution, etc. Oxford [England] ;
-- New York :
Name of publisher, distributor, etc. Oxford University Press,
Date of publication, distribution, etc. 2008.
300 ## - PHYSICAL DESCRIPTION
Extent lxxii, 475 p. ;
Dimensions 22 cm.
490 0# - SERIES STATEMENT
Series statement Oxford world's classics
504 ## - BIBLIOGRAPHY, ETC. NOTE
Bibliography, etc. note Includes bibliographical references (p. [lxiii]-lxxii) and index.
650 #0 - SUBJECT ADDED ENTRY--TOPICAL TERM
Topical term or geographic name entry element Political science
Form subdivision Early works to 1800.
9 (RLIN) 7767
650 #0 - SUBJECT ADDED ENTRY--TOPICAL TERM
Topical term or geographic name entry element Utopias
Form subdivision Early works to 1800.
9 (RLIN) 7768
650 #0 - SUBJECT ADDED ENTRY--TOPICAL TERM
Topical term or geographic name entry element Justice
Form subdivision Early works to 1800.
9 (RLIN) 7769
700 1# - ADDED ENTRY--PERSONAL NAME
Personal name Waterfield, Robin,
Dates associated with a name 1952-
9 (RLIN) 7770
906 ## - LOCAL DATA ELEMENT F, LDF (RLIN)
a 7
b cbc
c orignew
d 2
e ncip
f 20
g y-gencatlg
942 ## - ADDED ENTRY ELEMENTS (KOHA)
Source of classification or shelving scheme
Koha item type Book
Holdings
Withdrawn status Lost status Source of classification or shelving scheme Damaged status Not for loan Permanent Location Current Location Shelving location Date acquired Total Checkouts Total Renewals Full call number Barcode Checked out Date last seen Date last checked out Copy number Price effective from Koha item type
          Central Library (CL) Central Library (CL) Fiction 12/28/2017 7 4 888 PLA CL3166 03/22/2026 02/20/2026 02/20/2026 1 12/28/2017 Book
© 2023 Central Library, National University of Sciences and Technology. All Rights Reserved.